Skład Realu Madryt vs Liverpool w finale LM 2022 - Statystyki

Ogólne statystyki
  • Ten quiz został rozwiązany 887 razy
  • Średni wynik to 9 z 11
Statystyki odpowiedzi
Numer Pozycja Zawodnik % Poprawnych
9 Napastnik Karim Benzema
96%
10 Środkowy pomocnik Luka Modrić
94%
20 Lewy skrzydłowy Vinícius Júnior
94%
2 Prawy obrońca Dani Carvajal
88%
1 Bramkarz Thibaut Courtois
88%
8 Środkowy pomocnik Toni Kroos
87%
23 Lewy obrońca Ferland Mendy
84%
3 Środkowy obrońca Éder Militão
82%
4 Środkowy obrońca David Alaba
78%
15 Prawy skrzydłowy Federico Valverde
73%
14 Środkowy pomocnik Casemiro
66%
Nie znaleziono quizów pasujących do podanych kryteriów
Rozkład punktacji
Procent ludzi z każdym wynikiem
Percentyl według liczby udzielonych odpowiedzi
Twoja historia wyników
Nie rozwiązałeś tego quizu